Making Gender Count in the National Budget (Record no. 1423)

MARC details
000 -LEADER
fixed length control field 00432nam a22001457a 4500
008 - FIXED-LENGTH DATA ELEMENTS--GENERAL INFORMATION
fixed length control field 230619b xxu||||| |||| 00| 0 eng d
082 ## - DEWEY DECIMAL CLASSIFICATION NUMBER
Classification number 305.4
Item number MUK
100 ## - MAIN ENTRY--PERSONAL NAME
Titles and words associated with a name Wanjiku Mukabi Kabira
245 ## - TITLE STATEMENT
Title Making Gender Count in the National Budget
260 ## - PUBLICATION, DISTRIBUTION, ETC. (IMPRINT)
Place of publication, distribution, etc. Nairobi
Name of publisher, distributor, etc. The collaborative centre for gender and development
Date of publication, distribution, etc. 1999
300 ## - PHYSICAL DESCRIPTION
Extent 34p
600 ## - SUBJECT ADDED ENTRY--PERSONAL NAME
Titles and other words associated with a name Billington Mwangi Gituto
700 ## - ADDED ENTRY--PERSONAL NAME
Titles and other words associated with a name Hudson Shiverenje
942 ## - ADDED ENTRY ELEMENTS (KOHA)
Source of classification or shelving scheme Dewey Decimal Classification
Koha item type Books
Holdings
Withdrawn status Lost status Source of classification or shelving scheme Damaged status Not for loan Home library Current library Date acquired Total Checkouts Full call number Barcode Date last seen Price effective from Koha item type
    Dewey Decimal Classification     County Hall Archives County Hall Archives 06/19/2023   305.4 MUK 10010619 06/19/2023 06/19/2023 Books
    Dewey Decimal Classification     County Hall Archives County Hall Archives 06/19/2023   305.4 MUK 10010618 06/19/2023 06/19/2023 Books
    Dewey Decimal Classification     County Hall Archives County Hall Archives 06/19/2023   305.4 MUK 10014014 06/19/2023 06/19/2023 Books
LIBRARY OPENING HOURS

When the Parliament is sitting: 8.00a.m - 7.00p.m or until the house adjourns
Mondays and Fridays and when the House is on Recess:  8.00a.m - 5.00p.m
Closed on Weekends and Public Holidays

Online Public Access Catalog (OPAC)
Website: http://www.parliament.go.ke
Bunge Library: https://libraryir.parliament.go.ke
Contact: library@parliament.go.ke | Tel no: (254-2)2221291 or 2848000 Ext 5043